Manual de legislación ambiental / (Registro nro. 4672)

Detalles MARC
000 -CABECERA
Campo de control 00730cam a2200241 i 4500
005 - FECHA Y HORA DE LA ULTIMA TRANSACCION
Campo de control 20170207020001.0
008 - ELEMENTOS DE LONGITUD FIJA—INFORMACION GENERAL
Campo de control 010926s2003 pe 000 0 spa d
020 ## - ISBN
ISBN 9977132267
040 ## - FUENTE DE CATALOGACIÓN
Agencia catalogadora original DLC
Agencia transcriptora DLC
Agencia Modificadora DLC
041 ## - IDIOMA
Código de idioma para texto/pista de sonido o título separado Español
042 ## - AUTHENTICATION CODE
Authentication code pcc
043 ## - GEOGRAPHIC AREA CODE
Geographic area code nccr---
044 ## - PAÍS DE PUBLICACIÓN
País de publicación Perú
082 04 - NUMERO DE CLASIFICACION DECIMAL DEWEY
Número de clasificación 344.046
Número del ítem M29m
245 10 - MENCION DE TITULO
Título Manual de legislación ambiental /
Mención de responsabilidad Editores: Manuel Pulgar-Vidal, Isabel Calle.
260 ## - PUBLICACION, DISTRIBUCION, ETC. (PIE DE IMPRENTA)
Lugar de publicación, distribución, etc. San José, Costa Rica :
Nombre del editor, distribuidor, etc. Investigaciones Jurídicas,
Fecha de publicación, distribución, etc. 2004
300 ## - DESCRIPCION FISICA
Extensión 363 páginas ;
Dimensiones 21 cm.
650 14 - ASIENTO SECUNDARIO DE MATERIA - TERMINO TEMATICO
Término temático o nombre geográfico como elemento de entrada Control ambiental
9 (RLIN) 52753
650 24 - ASIENTO SECUNDARIO DE MATERIA - TERMINO TEMATICO
Término temático o nombre geográfico como elemento de entrada Derecho ambiental
9 (RLIN) 52754
700 1# - ASIENTO SECUNDARIO - NOMBRE PERSONAL
Nombre personal Pulgar-Vidal, Manuel,
Término de relación editor.
9 (RLIN) 13612
700 1# - ASIENTO SECUNDARIO - NOMBRE PERSONAL
Nombre personal Calle, Isabel,
Término de relación editor.
9 (RLIN) 22101
942 ## - ELEMENTOS ADICIONALES (KOHA)
Sistema de clasificación Dewey Decimal Classification
Tipo de ítem Libro
Koha issues (borrowed), all copies 1
Existencias
Withdrawn status Lost status Sistema de Clasificación Damaged status No para préstamo Colección Inventariado Ubicación Permanente Ubicación actual Fecha de adquisición Fuente de Valor Valor Total Checkouts Número topográfico Inventario / Código de Barras Date last seen Date checked out Ejemplar Price effective from Forma de adquisición Tipo de material
    Dewey Decimal Classification     General Inventariado 2017 Bogotá Bogotá 14/07/2005 Instituto 15000.00 1 LB-344.046 M29m 019411 06/02/2017 06/02/2017 Ej. 1 04/12/2012   Libro